000 00374nam a2200145 i 4500
001 28616
003 ES-MaACL
007 t|
008 030117s1913 sp ||||1| spa d
100 1 _aBalgañon, Pedro.
_924932
245 1 4 _aLas pequeñas tragedias /
_cPedro Balgañon.
260 _aMadrid :
_bF. fé,
_c1913.
300 _a230 p. ;
_c19 cm.
852 _aES-MaACL
_jG-3191
999 _c28616
_d28616